Talking Heads: Take Me to the River Lyrics - Statistics

General Stats
  • This quiz has been taken 13 times
  • The average score is 115 of 148
Answer Stats
Answer % Correct
can
100%
do
100%
I
100%
I,
100%
in
100%
me
100%
me,
100%
river
100%
take
100%
Take
100%
the
100%
to
100%
a
91%
can't
91%
don't
91%
down
91%
down.
91%
know
91%
know,
91%
like
91%
love
91%
Love
91%
water
91%
why
91%
you
91%
all
82%
all.
82%
have
82%
it
82%
of
82%
put
82%
her
73%
my
73%
on
73%
seen
73%
through
73%
through.
73%
wanna
73%
washing
73%
worst
73%
candles
64%
changes
64%
could
64%
drop
64%
haven't
64%
is
64%
no
64%
sixteen,
64%
Sixteen
64%
am
55%
and
55%
cigarettes
55%
so
55%
tease
55%
there
55%
we
55%
would
55%
bad,
45%
here
45%
money
45%
more.
45%
tell
45%
them
45%
wall,
45%
had.
36%
squeeze
36%
sweet
36%
'til
36%
dip
27%
never
27%
things
27%
think
27%
treat
27%
biggest
18%
fool
18%
forget,
18%
Hug
18%
stay?
18%
trouble
18%
regret.
9%
notion
0%
No matching quizzes found
Score Distribution
Percent of People with Each Score
Percentile by Number Answered
Your Score History
You have not taken this quiz